00849nam a2200253 i 4500001000300000003000400003005001700007008004100024020001500065040000800080080000800088080001500096080001200111100003900123245011400162260003700276300003500313504002600348655003000374650003300404700002500437700003500462856009800497bgBPK20220916112456.0 s1999 pl f |000 0 pol d a8386840889 cBPK a657 a658.14/.17 a(075.8)1 aJaruga, Alicjad(1928-2011)eAutor10aRachunkowość zarządcza :bkoncepcje i zastoswania /cAlicja A. Jaruga, Wojciech A. Nowak, Anna Szychta. aŁódź :b"Absolwent",c1999. a859, [2] s. :bwykr. ;c25 cm. aBibliogr. przy rozdz. 4aPodręczniki akademickie 4aRachunkowość zarządcza1 aSzychta, AnnaeAutor1 aNowak, Wojciech AndrzejeAutor uhttp://koha.tu.koszalin.pl/cgi-bin/koha/opac-detail.pl?biblionumber=36342yKatalog online BPK